লোডিং...

Landmark judgements of Supreme Court (1950-2014) annotated together with precedents

গ্রন্থ-পঞ্জীর বিবরন
প্রধান লেখক: Acharya, N.K
বিন্যাস: Printed Book
ভাষা:English
প্রকাশিত: Hyderabad Asia Law House 2014
সংস্করন:4th ed.
বিষয়গুলি:
LEADER 00662 a2200193 4500
005 20151026133421.0
008 150422b xxu||||| |||| 00| 0 eng d
020 |a 9789384310325 
080 |a 347.991(540)  |b ACH 
100 |a Acharya, N.K. 
245 |a Landmark judgements of Supreme Court (1950-2014)  |b annotated together with precedents 
250 |a 4th ed. 
260 |b Asia Law House  |a Hyderabad  |c 2014 
300 |a lxxxiv, 692p. 
653 |a India 
653 |a Law reports, digests etc. 
942 |c BK  |6 _ 
999 |c 70543  |d 70543 
952 |0 0  |1 0  |2 udc  |4 0  |6 347991540_ACH  |7 0  |9 82603  |a UL  |b UL  |d 2015-02-21  |g 0.00  |o 347.991(540) ACH  |p 00072859  |r 2015-02-23  |v 0.00  |w 2015-02-21  |y BK